Znane imiona #7 - Statystyki

Ogólne statystyki
  • Ten quiz został rozwiązany 1 517 razy
  • Średni wynik to 9 z 14
Statystyki odpowiedzi
Imię Nazwy rodzinne % Poprawnych
Karol Wojtyła, Modzelewski, Świerczewski
96%
Donald Sutherland, Rumsfeld, Trump
89%
Ewa Farna, Kopacz, Kasprzyk
89%
Joanna Jabłczyńska, Krupa, d’Arc
89%
Lionel Jospin, Messi, Richie
82%
Hugo Kołłątaj, Chávez, Lloris
80%
Kevin Spacey, Costner, De Bruyne
73%
Charlie Sheen, Chaplin, Brown
68%
Martin Scorsese, Heidegger, Luther King
66%
Christian Lacroix, Dior, Louboutin, Bale
42%
Ilona Felicjańska, Ostrowska, Staller
39%
Kim Cattrall, Basinger, Ir Sen
39%
Shirley MacLaine, Temple, Bassey
12%
Oksana Bajuł, Jacka, Kalasznikowa
5%
Nie znaleziono quizów pasujących do podanych kryteriów
Rozkład punktacji
Procent ludzi z każdym wynikiem
Percentyl według liczby udzielonych odpowiedzi
Twoja historia wyników
Nie rozwiązałeś tego quizu